000 00528nab a2200145Ia 4500
003 ES-SlBCS
005 20210601124307.0
008 140529s1978 xxu||||| |||| 00| 0 eng d
041 _aeng
100 1 _aJohanningmeier, Erwin V.
_9139292
245 0 0 _aRuminations on the Beginnings of Educational Psychology: William James and the Foundations of a Profession
_c Erwin V. Johanningmeier
650 0 4 _aPsicología Educacional
_9139293
773 0 _tEducational Theory
_gvol. 28, nº. 2, 1978, págs. 111-119
_wRev1399
942 _cAR
999 _c512444
_d512444